La zona metropolitana de Guadalajara : en indicadores hacia el desarrollo sustentable /
Guardat en:
| Autor principal: | |
|---|---|
| Format: | Llibre |
| Idioma: | espanyol |
| Matèries: | |
| Etiquetes: |
Sense etiquetes, Sigues el primer a etiquetar aquest registre!
|
MARC
| LEADER | 00000nam^a2200000^a^4500 | ||
|---|---|---|---|
| 001 | 000184386 | ||
| 005 | 20250521000000.0 | ||
| 009 | 20260310102112.638 | ||
| 037 | |a Acervo ITESO - Biblioteca | ||
| 041 | |a ESP | ||
| 082 | |a 333. 70972352 |b CAS | ||
| 100 | |a Casparius, María |e (autor) | ||
| 245 | 1 | 3 | |a La zona metropolitana de Guadalajara : |b en indicadores hacia el desarrollo sustentable / |c Presen. de M. Casparius. |
| 264 | |a Guadalajara, México : |b Pro Habitat, |c 1997 | ||
| 300 | |a 132 p. | ||
| 336 | |a texto |b txt |2 rdacontenido | ||
| 337 | |a sin mediación |b n |2 rdamedio | ||
| 338 | |a volumen |b nc |2 rdasoporte | ||
| 649 | |a XX | ||
| 650 | |a Agua - |z Guadalajara, Jalisco - |x Abastecimiento - |x Indices | ||
| 650 | |a Agua - |z Jalisco - |x Abastecimiento - |x Indices | ||
| 650 | |a Agua - |x Abastecimiento - |z México - |x Indices | ||
| 650 | |a Fuerza y Energía - |z Guadalajara, Jalisco - |x Consumo - |x Indices | ||
| 650 | |a Fuerza y Energía - |z Jalisco - |x Consumo - |x Indices | ||
| 650 | |a Fuerza y Energía - |z México - |x Consumo - |x Indices | ||
| 650 | |a Desarrollo Urbano - |z Guadalajara, Jalisco - |x Indices - |x Tema Principal | ||
| 650 | |a Desarrollo Urbano - |z Jalisco - |x Indices | ||
| 650 | |a Desarrollo Urbano - |z México - |x Indices | ||
| 650 | |a Demografía - |z Guadalajara, Jalisco - |x Descripción | ||
| 650 | |a Demografía - |z Jalisco - |x Descripción | ||
| 650 | |a Demografía - |z México | ||
| 650 | |a Sectores Económicos - |z Guadalajara, Jalisco | ||
| 650 | |a Sectores Económicos - |z Jalisco | ||
| 650 | |a Sectores Económicos - |z México | ||
| 650 | |a Empleo y Desempleo - |z Guadalajara, Jalisco - |x Indices | ||
| 650 | |a Empleo y Desempleo - |z Jalisco - |x Indicies | ||
| 650 | |a Empleo y Desempleo - |z México | ||
| 650 | |a Economía Subterránea - |z Guadalajara, Jalisco - |x Indices | ||
| 650 | |a Economía Subterránea - |z Jalisco - |x Indices | ||
| 650 | |a Economía Subterránea - |z México | ||
| 650 | |a Inflación - |z Guadalajara, Jalisco - |x Indices | ||
| 650 | |a Inflación - |z Jalisco - |x Indices | ||
| 650 | |a Inflación - |z México - |x Indices | ||
| 650 | |a Salud Pública - |z Guadalajara, Jalisco - |x Indices | ||
| 650 | |a Salud Pública - |z Jalisco - |x Indices | ||
| 650 | |a Salud Pública - |z México | ||
| 650 | |a Educación - |z Guadalajara, Jalisco - |x Indices | ||
| 650 | |a Educación - |z Jalisco - |x Indices | ||
| 650 | |a Educación - |z México | ||
| 650 | |a Asistencia Social - |z Guadalajara, Jalisco - |x Indices | ||
| 650 | |a Asistencia Social - |z Jalisco - |x Indices | ||
| 650 | |a Asistencia Social - |z México | ||
| 650 | |a Participación Política - |z Guadalajara, Jalisco - |x Indices | ||
| 650 | |a Participación Política - |z Jalisco - |x Indices | ||
| 650 | |a Participación Política - |z México - |x Indices | ||
| 650 | |a Desarrollo Económico-Social - |z Guadalajara, Jalisco - |x Indices - |x Tema Principal | ||
| 650 | |a Desarrollo Económico-Social - |z Jalisco - |x Indices | ||
| 650 | |a Desarrollo Económico-Social - |z México - |x Indices | ||
| 650 | |a Desarrollo Económico-Social - |z Guadalajara, Jalisco - |x Indices | ||
| 650 | |a Desarrollo Económico-Social - |z Jalisco - |x Indices | ||
| 650 | |a Desarrollo Económico-Social - |z México - |x Indices | ||
| 650 | |a Impacto Ambiental - |z Guadalajara, Jalisco - |x Indices | ||
| 650 | |a Impacto Ambiental - |z Jalisco - |x Indices | ||
| 650 | |a Impacto Ambiental - |z México | ||
| 650 | |a Economía - |z Guadalajara, Jalisco - |x Historia - |y 1994-2000 - |x Tema Principal | ||
| 650 | |a Economía - |z Jalisco - |x Historia - |y 1994-2000 | ||
| 650 | |a Economía - |z México - |x Historia - |y 1994-2000 | ||
| 910 | |a Fondo General | ||
| 920 | |a Impresos - Libros | ||
| 930 | |a Colección General | ||
| 905 | |a 101 | ||
| 901 | |a 0500125328 |b IT1 |c ACC |u 20250521 | ||
| 902 | |a https://opac.biblio.iteso.mx/vufind/Record/000184386 | ||